<?xml version="1.0" encoding="UTF-8"?>
<record
    xmlns:xsi="http://www.w3.org/2001/XMLSchema-instance"
    xsi:schemaLocation="http://www.loc.gov/MARC21/slim http://www.loc.gov/standards/marcxml/schema/MARC21slim.xsd"
    xmlns="http://www.loc.gov/MARC21/slim">

  <leader>03348nam a2200337 i 4500</leader>
  <controlfield tag="003">vecauma</controlfield>
  <controlfield tag="005">20251013185534.0</controlfield>
  <controlfield tag="007">ta</controlfield>
  <controlfield tag="008">251009t1976    nju|||||r|||| 00| 0 eng d</controlfield>
  <datafield tag="020" ind1=" " ind2=" ">
    <subfield code="a">0139024948</subfield>
  </datafield>
  <datafield tag="040" ind1=" " ind2=" ">
    <subfield code="a">DLC</subfield>
    <subfield code="b">eng</subfield>
    <subfield code="c">DLC</subfield>
    <subfield code="d">vecauma</subfield>
    <subfield code="e">rda</subfield>
  </datafield>
  <datafield tag="041" ind1="0" ind2=" ">
    <subfield code="a">eng</subfield>
  </datafield>
  <datafield tag="099" ind1=" " ind2=" ">
    <subfield code="a">TK5101 </subfield>
    <subfield code="b">M3</subfield>
    <subfield code="c">1976</subfield>
  </datafield>
  <datafield tag="100" ind1="1" ind2=" ">
    <subfield code="a">Martin, James, </subfield>
    <subfield code="d">1933-2013</subfield>
    <subfield code="e">autor</subfield>
    <subfield code="9">13545</subfield>
  </datafield>
  <datafield tag="245" ind1="1" ind2="0">
    <subfield code="a">Telecommunications and the computer</subfield>
    <subfield code="c">/ James Martin.</subfield>
  </datafield>
  <datafield tag="250" ind1=" " ind2=" ">
    <subfield code="a">Second edition.</subfield>
  </datafield>
  <datafield tag="264" ind1=" " ind2="1">
    <subfield code="a">Englewood Cliffs, New Jersey :</subfield>
    <subfield code="b">Prentice-Hall,</subfield>
    <subfield code="c">1976.</subfield>
  </datafield>
  <datafield tag="264" ind1=" " ind2="4">
    <subfield code="c">&#xA9;1976.</subfield>
  </datafield>
  <datafield tag="300" ind1=" " ind2="1">
    <subfield code="a">670 p&#xE1;ginas.</subfield>
  </datafield>
  <datafield tag="336" ind1=" " ind2=" ">
    <subfield code="a">texto</subfield>
    <subfield code="b">txt</subfield>
    <subfield code="2">rdacontenido</subfield>
  </datafield>
  <datafield tag="337" ind1=" " ind2=" ">
    <subfield code="a">no mediado</subfield>
    <subfield code="b">n</subfield>
    <subfield code="2">rdamedio</subfield>
  </datafield>
  <datafield tag="338" ind1=" " ind2=" ">
    <subfield code="a">volumen</subfield>
    <subfield code="b">nc</subfield>
    <subfield code="2">rdasoporte</subfield>
  </datafield>
  <datafield tag="490" ind1="0" ind2=" ">
    <subfield code="a">Prentice-Hall series in automatic computation</subfield>
  </datafield>
  <datafield tag="504" ind1=" " ind2=" ">
    <subfield code="a">Incluye referencias bibliogr&#xE1;ficas e &#xED;ndice.</subfield>
  </datafield>
  <datafield tag="505" ind1="0" ind2=" ">
    <subfield code="a">The Future. -- Organizations Involved in Telecommunications . -- Terminals and Codes . -- Systems Which Use Data Transmission. -- 
Man-Computer Dialogue. -- The Structure of Telecommunication Networks . -- DC Signaling. -- AC Signaling and Bandwidth. -- 
Transmission Media. -- Attenuation and Repeaters. -- Modulation and Demodulation. -- Multiplexing. -- Trunks and Wideband Facilities. -- PCM: A Revolution Begins. -- Communication Satellites. -- The Maximum Capacity of a Channel. -- Line Termination Equipment for Data Transmission. --   Tariffs. -- Telephone Switching. -- Computer-Controlled Circuit Switching. -- Control Signaling. -- Private Branch Exchanges. -- Message Switching. -- Packet Switching. -- Time-Division Switching. -- Concentration and Demand Assignment. -- Noise and Distortion. -- Line Failures. -- Data Errors. -- The Treatment of Errors. -- Delays and Blocking. </subfield>
  </datafield>
  <datafield tag="520" ind1="3" ind2=" ">
    <subfield code="a">Una edici&#xF3;n completamente reescrita y reorganizada del libro m&#xE1;s vendido del mundo sobre telecomunicaciones. Describe uno de los desarrollos m&#xE1;s emocionantes de este siglo: la uni&#xF3;n de la tecnolog&#xED;a de las telecomunicaciones y la tecnolog&#xED;a inform&#xE1;tica. Est&#xE1; dirigido a aquellos en el campo de la inform&#xE1;tica que necesitan saber c&#xF3;mo las computadoras utilizan sus instalaciones. En t&#xE9;rminos claros y legibles, este libro proporciona informaci&#xF3;n detallada sobre la industria de m&#xE1;s r&#xE1;pido crecimiento del mundo, con especial &#xE9;nfasis en los equipos de comunicaciones y de operador com&#xFA;n. Caracter&#xED;sticas destacadas de esta nueva edici&#xF3;n: Explicaci&#xF3;n de c&#xF3;mo funciona el sistema Bell. Explicaci&#xF3;n de los cambios revolucionarios que est&#xE1;n arrasando la tecnolog&#xED;a de las telecomunicaciones y c&#xF3;mo la nueva tecnolog&#xED;a afecta a la industria inform&#xE1;tica. Nueva secci&#xF3;n que describe las imperfecciones de las instalaciones de telecomunicaciones del mundo cuando son utilizadas por las computadoras. Secciones separadas sobre transmisi&#xF3;n y conmutaci&#xF3;n. Analiza el m&#xE1;s emocionante de todos los desarrollos de las telecomunicaciones: los sat&#xE9;lites. &#xC9;nfasis en los desarrollos y est&#xE1;ndares internacionales: muchas referencias a las Recomendaciones y Est&#xE1;ndares del CCITT. Un tema muy complejo, explicado con claridad y profundidad. Ilustraciones pr&#xE1;cticas integradas. Un glosario muy completo.</subfield>
  </datafield>
  <datafield tag="650" ind1="1" ind2="0">
    <subfield code="9">13543</subfield>
    <subfield code="a">TELECOMUNICACIONES</subfield>
  </datafield>
  <datafield tag="650" ind1="1" ind2="0">
    <subfield code="9">13544</subfield>
    <subfield code="a">SISTEMAS DE TRANSMISION DE DATOS</subfield>
  </datafield>
  <datafield tag="942" ind1=" " ind2="1">
    <subfield code="2">lcc</subfield>
    <subfield code="n">0</subfield>
    <subfield code="c">BK</subfield>
  </datafield>
  <datafield tag="999" ind1=" " ind2=" ">
    <subfield code="c">12463</subfield>
    <subfield code="d">12463</subfield>
  </datafield>
  <datafield tag="952" ind1=" " ind2=" ">
    <subfield code="0">0</subfield>
    <subfield code="1">0</subfield>
    <subfield code="2">lcc</subfield>
    <subfield code="4">0</subfield>
    <subfield code="7">0</subfield>
    <subfield code="8">CG</subfield>
    <subfield code="a">BUMA</subfield>
    <subfield code="b">BUMALDS</subfield>
    <subfield code="c">GEN</subfield>
    <subfield code="d">2025-10-09</subfield>
    <subfield code="e">Donaci&#xF3;n de Lourdes Ortiz</subfield>
    <subfield code="l">1</subfield>
    <subfield code="o">TK5101 M3 1976</subfield>
    <subfield code="p">00006392</subfield>
    <subfield code="r">2026-01-14</subfield>
    <subfield code="s">2025-12-11</subfield>
    <subfield code="w">2025-10-09</subfield>
    <subfield code="y">BK</subfield>
  </datafield>
</record>
